[Event "CHN-chT"]
[Site "Ningbo"]
[Date "2011.10.26"]
[Round "13"]
[White "Lou, Yiping"]
[Black "Wang, Dongsen"]
[Result "1-0"]
[WhiteElo "2446"]
[BlackElo "2091"]
[PlyCount "59"]
[EventDate "2011.04.12"]
[EventType "team-tourn"]
[EventRounds "18"]
[EventCountry "CHN"]
[SourceTitle "EXT 2012"]
[Source "ChessBase"]
[SourceDate "2011.11.24"]
[SourceVersion "1"]
[SourceVersionDate "2011.11.24"]
[SourceQuality "1"]
[WhiteTeam "Shanghai"]
[BlackTeam "Qingdao"]
[WhiteTeamCountry "CHN"]
[BlackTeamCountry "CHN"]

1. d4 d5 2. c4 c6 3. Nc3 Nf6 4. e3 e6 5. Nf3 Nbd7 6. Bd3 Bd6 7. e4 dxe4 8. Nxe4 Nxe4 9. Bxe4 Nf6 10. Bc2 0-0 11. Qd3 Re8 12. 0-0 c5 13. Rd1 cxd4 14. Qxd4 Bc7 15. Qh4 Qe7 16. g4 h6 17. Bxh6 gxh6 18. Qxh6 Bd8 19. Ng5 Qc7 20. Rxd8 Rxd8 21. Bh7+ Nxh7 22. Nxh7 f5 23. Nf6+ Kf7 24. Qh7+ Kxf6 25. Qxc7 Rg8 26. Rd1 Rxg4+ 27. Kf1 Rg7 28. Qd8+ Kf7 29. h4 e5 30. Rd6 1-0